Querkopf; (Record no. 5346)

MARC details
000 -LEADER
fixed length control field 00539cam a22002051 4500
001 - CONTROL NUMBER
control field af 48003004
003 - CONTROL NUMBER IDENTIFIER
control field DLC
005 - DATE AND TIME OF LATEST TRANSACTION
control field 20260227110859.0
008 - FIXED-LENGTH DATA ELEMENTS--GENERAL INFORMATION
fixed length control field 890411s1940 gw 000 0 ger c
010 ## - LIBRARY OF CONGRESS CONTROL NUMBER
LC control number af 48003004
035 ## - SYSTEM CONTROL NUMBER
System control number (OCoLC)19534226
040 ## - CATALOGING SOURCE
Original cataloging agency Yale Univ. Library
Transcribing agency CU
Modifying agency DLC
042 ## - AUTHENTICATION CODE
Authentication code premarc
050 00 - LIBRARY OF CONGRESS CALL NUMBER
Classification number PT2647.I867
Item number Q4
082 ## - DEWEY DECIMAL CLASSIFICATION NUMBER
Classification number 833.91
100 1# - MAIN ENTRY--PERSONAL NAME
Personal name Wittko, Kurt.
245 10 - TITLE STATEMENT
Title Querkopf;
Remainder of title ein Pferdeleben
Statement of responsibility, etc. [von] H.v.d. Achen [pseud.]
260 ## - PUBLICATION, DISTRIBUTION, ETC.
Place of publication, distribution, etc. Berlin,
Name of publisher, distributor, etc. O. Schlegel
Date of publication, distribution, etc. [c1940]
300 ## - PHYSICAL DESCRIPTION
Extent 231 p.
Dimensions 20 cm.

No items available.

Powered by Koha